Central Library OPAC University of Rajshahi

The House of Baring in American trade and finance : (Record no. 43716)

MARC details
000 -LEADER
fixed length control field 01007nam a2200265 a 4500
001 - CONTROL NUMBER
control field 43716
003 - CONTROL NUMBER IDENTIFIER
rucl marc code BD-RjUL
005 - DATE AND TIME OF LATEST TRANSACTION
control field 20211209053737.0
008 - FIXED-LENGTH DATA ELEMENTS--GENERAL INFORMATION
fixed length control field 160626s1949 mauacj 001 0 eng d
035 ## - SYSTEM CONTROL NUMBER
System control number (BD-RjUL)43834
040 ## - CATALOGING SOURCE
Original cataloging agency DLC
Transcribing agency TOL
Modifying agency TOL
-- m.c
-- SER
-- BD-RjUL
Language of cataloging eng
041 ## - LANGUAGE CODE
Language code of text/sound track or separate title eng
082 ## - DEWEY DECIMAL CLASSIFICATION NUMBER
Classification number 332.15420973
Edition number 23
Author mark and year HIH 1949
100 1# - MAIN ENTRY--PERSONAL NAME
Personal name Hidy, Ralph W.
Fuller form of name (Ralph Willard),
Dates associated with a name 1905-1977
9 (RLIN) 134343
245 14 - TITLE STATEMENT
Title The House of Baring in American trade and finance :
Remainder of title English merchant bankers at work, 1763-1861 /
Statement of responsibility, etc. by Ralph W. Hidy.
260 ## - PUBLICATION, DISTRIBUTION, ETC. (IMPRINT)
Place of publication, distribution, etc. Cambridge, Mass. :
Name of publisher, distributor, etc. Harvard University Press,
Date of publication, distribution, etc. 1949.
300 ## - PHYSICAL DESCRIPTION
Pagination xxiv, 631 p. :
Illustrations ill. ;
Size 22 cm.
490 1# - SERIES STATEMENT
Series statement Harvard studies in business history ;
Volume/sequential designation 14
500 ## - GENERAL NOTE
General note Includes index.
610 20 - SUBJECT ADDED ENTRY--CORPORATE NAME
Corporate name or jurisdiction name as entry element Baring Brothers & Co. Ltd.
650 #0 - SUBJECT ADDED ENTRY--TOPICAL TERM
Topical term or geographic name as entry element Investments, British
Geographic subdivision United States
General subdivision History.
9 (RLIN) 134345
Topical term or geographic name as entry element Merchant banks
Geographic subdivision Great Britain
General subdivision History.
9 (RLIN) 134346
830 #0 - SERIES ADDED ENTRY--UNIFORM TITLE
Uniform title Harvard studies in business history ;
Volume number/sequential designation 14
942 ## - ADDED ENTRY ELEMENTS (KOHA)
Source of classification or shelving scheme Dewey Decimal Classification
Koha item type Rare Books
Holdings
Lost status Source of classification or shelving scheme Damaged status Not for loan Collection code Permanent Location Current Location Shelving location Date acquired Source of acquisition Cost, normal purchase price Total Checkouts Full call number Date last seen Copy number Koha item type
  Dewey Decimal Classification   Not For Loan Rare Books Central Library, University of Rajshahi Central Library, University of Rajshahi Rare Book Section 01/08/1955 O.U.P. 30.00   RA 332.15420973 HIH 1949 26/06/2016 C-1 Rare Books